000 00721nam a2200229 i 4500
001 C2-0244749
003 PPAK
005 20180727205934.0
008 030120s1991 my |||| ||||| | may d
040 _aPPAK
_beng
_cPPAK
_erda
082 0 4 _a384.55409595
_223
090 0 0 _a384.55409595
_bSUL
_dKAM
100 0 _aSulaiman Nordin,
_eauthor
245 1 0 _aKertas Kerja Sampingan III :
_bmuzik di televisyen dan nilai moralnya
264 1 _aKuala Lumpur :
_bPusat Pengajian Umum Universiti Kebangsaan Malaysia ,
_c1991
300 _a45 pages ;
_c30 cm
336 _2rdacontent
_atext
337 _2rdamedia
_aunmediated
338 _2rdacarrier
_avolume
650 1 0 _aTelevision broadcasting - Malaysia
942 _ddc
_cB
999 _c58939
_d58939